|
|
|
|
| LEADER |
00000nam0a2200000 4500 |
| 001 |
325542 |
| 005 |
20231102003755.0 |
| 035 |
|
|
|a (RuTPU)RU\TPU\book\351156
|
| 090 |
|
|
|a 325542
|
| 100 |
|
|
|a 20161207d1940 m y0rusy50 ca
|
| 101 |
0 |
|
|a rus
|
| 102 |
|
|
|a RU
|
| 105 |
|
|
|a a z 011zb
|
| 200 |
1 |
|
|a Чайковский на московской сцене. Первые постановки в годы его жизни
|f Государственный центральный театральный музей им. А. А. Бахрушева
|
| 210 |
|
|
|a Москва
|a Ленинград
|c Искусство
|d 1940
|
| 215 |
|
|
|a 503 с.
|c ил.
|
| 300 |
|
|
|a К столетию со дня рождения великого русского композитора
|
| 320 |
|
|
|a Список иллюстраций: с. 501-502
|
| 600 |
|
1 |
|a Чайковский
|g Петр Ильич
|b П. И.
|c русский композитор
|f 1840-1893
|2 stltpush
|3 (RuTPU)RU\TPU\pers\1137
|
| 606 |
1 |
|
|a Композиторы
|2 stltpush
|3 (RuTPU)RU\TPU\subj\15032
|9 41330
|
| 610 |
1 |
|
|a московские театры
|
| 610 |
1 |
|
|a музыкально-сценические произведения
|
| 610 |
1 |
|
|a постановка
|
| 610 |
1 |
|
|a письма
|
| 610 |
1 |
|
|a 19 век
|
| 610 |
1 |
|
|a Россия
|
| 675 |
|
|
|a 78.071.1
|v 4
|
| 712 |
0 |
2 |
|a Государственный центральный театральный музей им. А. А. Бахрушева
|2 stltpush
|3 (RuTPU)RU\TPU\col\27545
|
| 801 |
|
1 |
|a RU
|b 63413507
|c 20161207
|
| 801 |
|
2 |
|a RU
|b 63413507
|c 20200728
|g RCR
|
| 942 |
|
|
|c BK
|